00752nam 22002053 4500001000700000021000700007090001100014100004100025200005100066210003800117215002900155300010500184606002900289675002900318700003900347801001800386830002900404990001100433995010200444202860 aPT a202860 a20260703d u||y0pory50 ba aGuerrilha urbanafCunha de Leiradellaeromance aSão PaulocClube do Livrod1989 a231 p. cbrochadod21 cm aContém dedicatória na folha de guarda Vencedor do Prémio Nacional Clube do Livro de Literatura 96aLiteratura Portuguesa a821.134.3-3"19"vPTzpor 917704aLeiradellabCunha def1934- aPTbBMMNgRPC cAna FalardofAna Falardo cLIVROS 002052026-07-03932672bBMMNf32382k821.134.3-3 LEI|SAFo0rLIVROSuAcesso CondicionadosOferta